| 000 | 00739nam a2200217 i 4500 | ||
|---|---|---|---|
| 001 | 81863 | ||
| 003 | ES-MaACL | ||
| 005 | 20250528063009.0 | ||
| 007 | t| | ||
| 008 | 041108s1970 sp ||||1| spa d | ||
| 100 | 1 |
_aIbarbourou, Juana de _964946 |
|
| 245 | 1 | 0 |
_aAntología poética / _cJuana de Ibarbourou ; recopilación selectiva Dora Isella Russell. |
| 260 |
_aMadrid : _bCultura Hispánica, _c1970. |
||
| 300 |
_a336 p. ; _c21 cm. |
||
| 490 | 1 |
_aPoesía de España y América. La encina y el mar ; _v47 |
|
| 700 | 1 |
_aRussell, Dora Isella. _9101037 |
|
| 830 | 1 |
_aPoesía de España y América. La encina y el mar ; _v47 _9179340 |
|
| 852 |
_aES-MaACL _jC-39035 |
||
| 852 |
_aES-MaACL _jE-5403 |
||
| 999 |
_c81863 _d81863 |
||